[Event "Absoluto Sevilla 2018"]
[Site "?"]
[Date "2018.01.27"]
[Round "1.1"]
[White "Gutierrez Marconi, Christian Fernando"]
[Black "Silva Lucena, Cristian"]
[Result "1-0"]
[WhiteElo "1796"]
[BlackElo "2301"]
[PlyCount "100"]

1. d4 Nf6 2. c4 c5 3. d5 b5 4. cxb5 a6 5. b6 d6 6. Nc3 Nbd7 7. b7 Bxb7 8. e4 g6
9. Nf3 Bg7 10. h3 O-O 11. Be2 Nb6 12. O-O Rb8 13. Bg5 h6 14. Bf4 Kh7 15. a4
Nfd7 16. a5 Na8 17. Nd2 Nc7 18. Qc2 Bc8 19. Nc4 Nb5 20. Nxb5 axb5 21. Nxd6 exd6
22. Bxd6 Ba6 23. Bxf8 Qxf8 24. f4 Bd4+ 25. Kh1 Nf6 26. Rad1 Qe8 27. Bf3 b4 28.
Rfe1 b3 29. Qd2 Qd7 30. g4 Re8 31. Qg2 Bb7 32. g5 hxg5 33. fxg5 Ng8 34. Bg4 Qe7
35. Rf1 Kg7 36. Qf3 Qxe4 37. Qxe4 Rxe4 38. Bf3 Rh4 39. Kg2 Bc8 40. d6 f6 41. a6
Bxh3+ 42. Kg3 fxg5 43. Rxd4 cxd4 44. a7 Bxf1 45. a8=Q Nf6 46. Qb7+ Kh6 47. d7
Rh3+ 48. Kf2 Bd3 49. d8=Q g4 50. Qxf6 g3+ 1-0

[Event "Absoluto Sevilla 2018"]
[Site "?"]
[Date "2018.01.27"]
[Round "1.2"]
[White "Lopez Gonzalez, Daniel"]
[Black "Garcia Fernandez, Miguel"]
[Result "1-0"]
[WhiteElo "2285"]
[BlackElo "1792"]
[PlyCount "37"]

1. e4 e6 2. d3 d5 3. Nd2 Nf6 4. Ngf3 Be7 5. g3 c6 6. Bg2 O-O 7. O-O Qc7 8. e5
Nfd7 9. Re1 c5 10. Nf1 Nc6 11. Bf4 b5 12. h4 Bb7 13. N1h2 Rfe8 14. Ng4 Rad8 15.
Ng5 Nf8 16. Nf6+ gxf6 17. exf6 Bd6 18. Qh5 Bxf4 19. Qh6 1-0

[Event "Absoluto Sevilla 2018"]
[Site "?"]
[Date "2018.01.27"]
[Round "1.3"]
[White "Pozo Prior, Jose Antonio"]
[Black "Esquivias Quintero, Luis"]
[Result "0-1"]
[WhiteElo "1791"]
[BlackElo "2222"]
[PlyCount "48"]

1. e4 Nf6 2. Nc3 e5 3. Nf3 Nc6 4. Bb5 Nd4 5. Nxe5 Qe7 6. Nf3 Nxb5 7. Nxb5 Qxe4+
8. Qe2 Qxe2+ 9. Kxe2 Nd5 10. Re1 d6 11. c4 Bd7 12. Kd1+ Be7 13. Nfd4 c6 14.
Nxd6+ Kf8 15. N6f5 Bf6 16. cxd5 c5 17. Ne6+ fxe6 18. dxe6 Ba4+ 19. b3 Bb5 20.
e7+ Ke8 21. Nd6+ Kd7 22. Nxb5 Bxa1 23. Ba3 b6 24. d4 a6 0-1

[Event "Absoluto Sevilla 2018"]
[Site "?"]
[Date "2018.01.27"]
[Round "1.4"]
[White "Gutierrez Valero, Mario"]
[Black "Benitez Carrion, Jose Antonio"]
[Result "1-0"]
[WhiteElo "2208"]
[BlackElo "1774"]
[PlyCount "55"]

1. d4 d5 2. Nf3 Nf6 3. c4 e6 4. g3 dxc4 5. Bg2 Be7 6. O-O O-O 7. Qc2 Nbd7 8. a4
c5 9. dxc5 Qa5 10. Nbd2 Qxc5 11. Nxc4 b5 12. axb5 Bb7 13. Be3 Qc7 14. Rfc1 Rfc8
15. Qd1 Qd8 16. Na5 Rxc1 17. Qxc1 Rc8 18. Nc6 Bxc6 19. bxc6 Nb8 20. Nd4 Nd5 21.
Rxa7 Qb6 22. Nf5 Rxc6 23. Nxe7+ Nxe7 24. Bxc6 Qxc6 25. Qxc6 Nexc6 26. Ra8 f6
27. Ba7 Nxa7 28. Rxb8+ 1-0

[Event "Absoluto Sevilla 2018"]
[Site "?"]
[Date "2018.01.27"]
[Round "1.6"]
[White "Morales Araujo, Francisco Javier"]
[Black "Cossio Lopez, Jose Ricardo"]
[Result "1-0"]
[WhiteElo "2168"]
[BlackElo "1768"]
[PlyCount "83"]

1. f4 Nc6 2. Nf3 d6 3. c3 e5 4. d3 exf4 5. Bxf4 Be7 6. e4 Nf6 7. Be2 O-O 8. O-O
Bg4 9. Nbd2 h6 10. h3 Bd7 11. Nc4 Nh7 12. Qd2 Be6 13. d4 d5 14. exd5 Bxd5 15.
Bd3 Bxf3 16. Rxf3 Bg5 17. Qc2 g6 18. Raf1 Bxf4 19. Rxf4 Qd7 20. Rh4 Kg7 21. Qd2
Ng5 22. Ne5 Qe7 23. Rhf4 Rae8 24. Ng4 Qd6 25. Nf6 Re7 26. h4 Ne6 27. Rg4 h5 28.
Nxh5+ Kh7 29. Nf6+ Kg7 30. Qc2 Rh8 31. Bxg6 Kf8 32. Be4 Ng7 33. Nd5 Re6 34. Qf2
Nd8 35. Ne3 Reh6 36. Rxg7 Rf6 37. Qg3 Rxf1+ 38. Kxf1 Qxg3 39. Rxg3 Rxh4 40. Bd5
c6 41. Bb3 Rh1+ 42. Ke2 1-0

[Event "Absoluto Sevilla 2018"]
[Site "?"]
[Date "2018.01.27"]
[Round "1.7"]
[White "Perez Jurado, Juan Guillermo"]
[Black "Gallardo Fernandez, Cesar"]
[Result "0-1"]
[WhiteElo "1765"]
[BlackElo "2154"]
[PlyCount "58"]

1. d4 Nf6 2. c4 d6 3. Nc3 e5 4. Nf3 Nbd7 5. Bg5 Be7 6. e3 O-O 7. Be2 c6 8. O-O
a6 9. a4 b6 10. Qc2 Bb7 11. Rfd1 Qc7 12. Rac1 Rfe8 13. Bh4 Rad8 14. h3 g6 15.
Rd2 exd4 16. exd4 Nh5 17. Bxe7 Rxe7 18. g3 Rde8 19. Bf1 Ndf6 20. Bg2 Bc8 21.
Nh4 Be6 22. d5 cxd5 23. cxd5 Bd7 24. g4 Re1+ 25. Rxe1 Rxe1+ 26. Bf1 Nf4 27. Nf3
Nxh3+ 28. Kg2 Nf4+ 29. Kg1 Ra1 0-1

[Event "Absoluto Sevilla 2018"]
[Site "?"]
[Date "2018.01.27"]
[Round "1.9"]
[White "Lopez Cabello, Julio"]
[Black "Callejas Rojas, Francisco Miguel"]
[Result "0-1"]
[WhiteElo "1760"]
[BlackElo "2127"]
[PlyCount "62"]

1. Nf3 Nf6 2. d4 e6 3. e3 c5 4. Bd3 b6 5. Qe2 Bb7 6. Nbd2 Be7 7. O-O O-O 8. c3
Nc6 9. Re1 Qc7 10. Ne4 Rac8 11. Nxf6+ Bxf6 12. dxc5 bxc5 13. e4 d6 14. Bf4 Rfd8
15. Rad1 Na5 16. Bg3 c4 17. Bb1 e5 18. h3 Ba6 19. Rd5 Nb7 20. Nd2 Nc5 21. Nxc4
Na4 22. Bd3 Bxc4 23. Bxc4 Qxc4 24. Qxc4 Rxc4 25. b3 Rxe4 26. Rxe4 Nxc3 27. Ra4
Nxd5 28. Rxa7 Nc3 29. Kf1 d5 30. a4 d4 31. h4 d3 0-1

[Event "Absoluto Sevilla 2018"]
[Site "?"]
[Date "2018.01.27"]
[Round "1.10"]
[White "Chacon Perez, Juan"]
[Black "Morales Cano, Carlos"]
[Result "1-0"]
[WhiteElo "2122"]
[BlackElo "1758"]
[PlyCount "67"]

1. e4 e6 2. d4 d5 3. Nc3 Nf6 4. e5 Nfd7 5. f4 c5 6. Nf3 Nc6 7. Be3 a6 8. Qd2 b5
9. Be2 Bb7 10. O-O Qb6 11. Nd1 cxd4 12. Nxd4 Nxd4 13. Bxd4 Bc5 14. c3 b4 15.
Kh1 Bxd4 16. cxd4 g6 17. Ne3 a5 18. g4 Rg8 19. Rac1 f6 20. Bf3 fxe5 21. fxe5
Rf8 22. Bg2 Rxf1+ 23. Rxf1 O-O-O 24. g5 Rf8 25. Rxf8+ Nxf8 26. Ng4 Qc7 27. Nf6
Ba6 28. h4 Kb8 29. Ne8 Qe7 30. Nd6 Nd7 31. a3 Nb6 32. axb4 Nc4 33. Nxc4 Bxc4
34. bxa5 1-0

[Event "Absoluto Sevilla 2018"]
[Site "?"]
[Date "2018.01.27"]
[Round "1.11"]
[White "Rodriguez Leal, Jesus"]
[Black "Lopez Rodriguez, Fernando"]
[Result "0-1"]
[WhiteElo "1756"]
[BlackElo "2103"]
[PlyCount "64"]

1. e4 e6 2. d4 d5 3. Nc3 Bb4 4. e5 c5 5. a3 Bxc3+ 6. bxc3 Qa5 7. Bd2 Qa4 8. Nf3
Nc6 9. Be3 c4 10. Bg5 Nge7 11. Bxe7 Nxe7 12. Nh4 Bd7 13. Be2 O-O-O 14. Qb1 Nc6
15. O-O a6 16. Qb2 Na7 17. Rfb1 Nb5 18. Kf1 Bc6 19. Bd1 Qa5 20. Qb4 Qxb4 21.
cxb4 Nxd4 22. a4 b5 23. c3 Nf5 24. Nxf5 exf5 25. axb5 axb5 26. Ra7 Rd7 27. Rba1
Rhd8 28. R7a6 Kc7 29. Ra7+ Bb7 30. f4 Kb6 31. Be2 d4 32. cxd4 Bxg2+ 0-1

[Event "Absoluto Sevilla 2018"]
[Site "?"]
[Date "2018.01.27"]
[Round "1.12"]
[White "Del Campo Gomez, Jose Luis"]
[Black "Hidalgo Sanchez, Marcos"]
[Result "1-0"]
[WhiteElo "2095"]
[BlackElo "1750"]
[PlyCount "57"]

1. f4 d5 2. Nf3 Nc6 3. d4 Bf5 4. g3 Nf6 5. Bg2 e6 6. O-O h6 7. c3 Be7 8. Be3
O-O 9. Nbd2 Ng4 10. Bf2 a5 11. Ne5 Ncxe5 12. fxe5 c5 13. e4 Nxf2 14. Rxf2 dxe4
15. Nxe4 cxd4 16. cxd4 Qb6 17. Kh1 Rfd8 18. Rd2 Rac8 19. Nc5 Bxc5 20. dxc5 Rxd2
21. cxb6 Rxd1+ 22. Rxd1 Rc2 23. b3 Rxa2 24. Rd8+ Kh7 25. Bxb7 Rb2 26. Bc6 Bh3
27. Kg1 Rb1+ 28. Kf2 Rf1+ 29. Ke2 1-0

[Event "Absoluto Sevilla 2018"]
[Site "?"]
[Date "2018.01.27"]
[Round "1.13"]
[White "Serrano Pichardo, Carlos"]
[Black "Carrabeo Garcia, Manuel"]
[Result "0-1"]
[WhiteElo "1719"]
[BlackElo "2072"]
[PlyCount "106"]

1. d4 Nf6 2. Nf3 d5 3. Bf4 c5 4. e3 Nc6 5. c3 Qb6 6. Qc2 Bf5 7. dxc5 Bxc2 8.
cxb6 axb6 9. Nbd2 Nd7 10. Be2 e5 11. Bg3 Be7 12. O-O O-O 13. Rfc1 Bg6 14. Bb5
Bf6 15. Bh4 Rfe8 16. Bxf6 Nxf6 17. a3 e4 18. Nd4 Nxd4 19. cxd4 Rec8 20. Nb3 Bf5
21. Kf1 Bd7 22. Bxd7 Nxd7 23. Ke2 Nf6 24. h3 Ne8 25. Rxc8 Rxc8 26. Rc1 Rc6 27.
Kd1 Rg6 28. g3 Nd6 29. Nd2 Kf8 30. b3 Ke7 31. Nb1 Rh6 32. h4 Rf6 33. Ke2 Kd7
34. Nc3 Ke6 35. Na4 b5 36. Nb6 h5 37. Rc5 Rf5 38. Nc8 Ne8 39. Rxb5 Nf6 40. Rxb7
Ng4 41. Re7+ Kf6 42. Rd7 Rxf2+ 43. Ke1 g6 44. Rxd5 Rb2 45. b4 Rb3 46. b5 Rxe3+
47. Kd2 Rd3+ 48. Ke2 Rxa3 49. b6 Ra2+ 50. Ke1 e3 51. b7 Nh2 52. Rd6+ Kg7 53.
Rc6 Nf3+ 0-1

[Event "Absoluto Sevilla 2018"]
[Site "?"]
[Date "2018.01.27"]
[Round "1.14"]
[White "Garcia Jimenez, Santiago"]
[Black "Liñan Molina, Daniel"]
[Result "1-0"]
[WhiteElo "2068"]
[BlackElo "1712"]
[PlyCount "65"]

1. c4 e5 2. g3 Nf6 3. Bg2 Nc6 4. Nc3 Bc5 5. Nf3 d6 6. O-O O-O 7. d3 h6 8. a3 a5
9. b3 Bg4 10. h3 Be6 11. Bb2 Qd7 12. Kh2 Rfe8 13. Rc1 Bf5 14. Nd2 Rab8 15. Nde4
Nxe4 16. dxe4 Be6 17. e3 Rf8 18. Rc2 f5 19. exf5 Bxf5 20. Rd2 Kh8 21. Na4 Ba7
22. c5 b5 23. cxb6 Bxb6 24. Nxb6 Rxb6 25. f4 Qe7 26. Bxc6 Rxc6 27. fxe5 dxe5
28. g4 Be6 29. Rxf8+ Qxf8 30. Rd8 Rc2+ 31. Kg1 Qxd8 32. Qxd8+ Kh7 33. Qd3+ 1-0

[Event "Absoluto Sevilla 2018"]
[Site "?"]
[Date "2018.01.27"]
[Round "1.15"]
[White "Rueda Fernandez, Alberto"]
[Black "Gavira Galocha, Antonio Jesus"]
[Result "0-1"]
[WhiteElo "1709"]
[BlackElo "2023"]
[PlyCount "80"]

1. d4 Nf6 2. Bf4 g6 3. e3 Bg7 4. Nd2 d6 5. h3 b6 6. Ngf3 Bb7 7. Bc4 c5 8. c3
O-O 9. O-O Nbd7 10. Qb3 Qe8 11. d5 a6 12. e4 b5 13. Be2 c4 14. Qc2 Nc5 15. Nd4
Qd7 16. Bf3 Rac8 17. Bg3 Qc7 18. a3 Nfd7 19. Bg4 Rce8 20. f4 Qb6 21. Bf2 Qc7
22. Rad1 Nd3 23. Be3 N7c5 24. Ne2 e6 25. dxe6 fxe6 26. Ng3 h5 27. Be2 h4 28.
Nh1 e5 29. fxe5 dxe5 30. Bg5 Qb6 31. Kh2 Nxe4 32. Bxh4 Nxd2 33. Qxd2 e4 34.
Rxf8+ Rxf8 35. Bxd3 exd3 36. Bf2 Be5+ 37. Kg1 Qc6 38. Bg3 Bg7 39. Rf1 Rxf1+ 40.
Kxf1 Bh6 0-1

[Event "Absoluto Sevilla 2018"]
[Site "?"]
[Date "2018.02.03"]
[Round "2.1"]
[White "Moron Hernandez, Carlos"]
[Black "Lopez Gonzalez, Daniel"]
[Result "0-1"]
[WhiteElo "1936"]
[BlackElo "2285"]
[PlyCount "88"]

1. d4 Nf6 2. c4 g6 3. Nc3 d5 4. cxd5 Nxd5 5. Nf3 Bg7 6. g3 c5 7. e3 Nc6 8. Bg2
cxd4 9. Nxd5 Qxd5 10. O-O Bg4 11. Nxd4 Qxg2+ 12. Kxg2 Bxd1 13. Rxd1 Nxd4 14.
exd4 Rd8 15. Be3 Kd7 16. d5 b6 17. Bd4 Bxd4 18. Rxd4 Rc8 19. Rad1 Rc2 20. R1d2
Rhc8 21. Kf3 Kd6 22. g4 Rxd2 23. Rxd2 Rc1 24. g5 Re1 25. Rd4 f5 26. Rh4 Rg1 27.
Kf4 Kxd5 28. Rxh7 e5+ 29. Ke3 Rxg5 30. Rxa7 Rh5 31. Rg7 g5 32. Rb7 f4+ 33. Ke2
Rxh2 34. Rxb6 g4 35. Kf1 f3 36. Kg1 Rg2+ 37. Kf1 e4 38. Rb3 Ke5 39. a4 Kf4 40.
a5 g3 41. a6 gxf2 42. Rb8 e3 43. Rf8+ Ke4 44. Re8+ Kd3 0-1

[Event "Absoluto Sevilla 2018"]
[Site "?"]
[Date "2018.02.03"]
[Round "2.2"]
[White "Esquivias Quintero, Luis Manuel"]
[Black "Perez Bello, Carlos"]
[Result "1-0"]
[WhiteElo "2222"]
[BlackElo "1939"]
[PlyCount "33"]

1. e4 c6 2. d4 d5 3. e5 c5 4. dxc5 Nc6 5. Nf3 Bg4 6. c3 e6 7. b4 Bxf3 8. Qxf3
Nxe5 9. Bb5+ Nc6 10. O-O Nf6 11. Qg3 g6 12. Bd3 Bg7 13. Bg5 O-O 14. Qh4 Ne5 15.
Rd1 Ned7 16. Bb5 Qc7 17. Nd2 1-0

[Event "Absoluto Sevilla 2018"]
[Site "?"]
[Date "2018.02.03"]
[Round "2.3"]
[White "Oviedo Rodriguez, Miguel Angel"]
[Black "Gutierrez Valero, Mario"]
[Result "0-1"]
[WhiteElo "1922"]
[BlackElo "2208"]
[PlyCount "68"]

1. d4 Nf6 2. c4 g6 3. g3 Bg7 4. Bg2 O-O 5. Nc3 d6 6. Nf3 Nbd7 7. O-O e5 8. e4
a6 9. h3 b5 10. Re1 c6 11. cxb5 axb5 12. dxe5 dxe5 13. Qd6 Bb7 14. Be3 Re8 15.
a3 Bf8 16. Qd2 Nc5 17. Qc2 Qd3 18. Qxd3 Nxd3 19. Reb1 Bc5 20. Bxc5 Nxc5 21. Rd1
Ncxe4 22. Nxe4 Nxe4 23. Ne1 Nc5 24. Rac1 Nb3 25. Rc3 Nd4 26. Kh2 Rad8 27. Nc2
Bc8 28. Nb4 Be6 29. Nxc6 Nxc6 30. Bxc6 Rxd1 31. Bxe8 Rd2 32. Bxb5 Rxf2+ 33. Kg1
Rxb2 34. g4 Rxb5 0-1

[Event "Absoluto Sevilla 2018"]
[Site "?"]
[Date "2018.02.03"]
[Round "2.4"]
[White "Herrera Oliva, Enrique"]
[Black "Morales Araujo, Francisco Javier"]
[Result "1-0"]
[WhiteElo "1904"]
[BlackElo "2168"]
[PlyCount "67"]

1. e4 g6 2. Nc3 Bg7 3. Bc4 c6 4. Bb3 e5 5. d3 Ne7 6. f4 d5 7. fxe5 d4 8. Qf3
O-O 9. Nce2 Qa5+ 10. Bd2 Qxe5 11. g4 a5 12. Bf4 Qc5 13. Qg3 Qb4+ 14. Bd2 Qb6
15. a4 Be6 16. Bxe6 Qxb2 17. Ra2 Qb1+ 18. Bc1 Qb4+ 19. Bd2 Qb1+ 20. Bc1 fxe6
21. Rb2 Qa1 22. Rxb7 e5 23. Rxe7 Bf6 24. Rb7 Na6 25. Nf3 Nc5 26. Rc7 Ne6 27.
Rxc6 Nf4 28. Kf2 Qxa4 29. Rc4 Qa1 30. Rf1 Nxe2 31. Kxe2 Qa2 32. Nxe5 Rac8 33.
Rxf6 Rfe8 34. Rfc6 1-0

[Event "Absoluto Sevilla 2018"]
[Site "?"]
[Date "2018.02.03"]
[Round "2.5"]
[White "Gallardo Fernandez, Cesar"]
[Black "Borondo Garcia, Raul"]
[Result "1-0"]
[WhiteElo "2154"]
[BlackElo "1933"]
[PlyCount "79"]

1. e4 c5 2. c3 d5 3. exd5 Qxd5 4. d4 Nf6 5. Nf3 e6 6. Na3 Qd8 7. Bg5 cxd4 8.
Nb5 Be7 9. Nbxd4 a6 10. Be2 Qc7 11. Qc2 Nbd7 12. O-O b6 13. Bh4 Bb7 14. Bg3 Bd6
15. Bxd6 Qxd6 16. Rad1 Qc7 17. Rfe1 O-O 18. Qc1 Rfe8 19. Qg5 Ne4 20. Qh4 Ndc5
21. Bf1 Nf6 22. Ne5 Rad8 23. Ndf3 h6 24. Rxd8 Rxd8 25. Nd4 Re8 26. Qf4 Nh5 27.
Qe3 Nf6 28. h3 Nce4 29. f4 Nc5 30. Be2 Nd5 31. Qf2 Ne4 32. Qh4 Ne7 33. Bh5 Nd6
34. Nxf7 Nef5 35. Nxf5 Nxf5 36. Nxh6+ gxh6 37. Qg4+ Kh8 38. Bxe8 Qc5+ 39. Kh2
Qf2 40. Bf7 1-0

[Event "Absoluto Sevilla 2018"]
[Site "?"]
[Date "2018.02.03"]
[Round "2.6"]
[White "Callejas Rojas, Francisco Miguel"]
[Black "Castillo Humanes, Pedro"]
[Result "1-0"]
[WhiteElo "2127"]
[BlackElo "1930"]
[PlyCount "87"]

1. d4 Nf6 2. c4 e5 3. dxe5 Ng4 4. e3 Nxe5 5. Nh3 Ng6 6. g3 Bb4+ 7. Nd2 a5 8.
Bg2 Nc6 9. O-O d6 10. Ne4 Qe7 11. Nf4 Nxf4 12. exf4 f5 13. Ng5 O-O 14. Bd5+ Kh8
15. Nxh7 Re8 16. Qh5 g6 17. Qxg6 Qg7 18. Qxe8+ Kxh7 19. Qh5+ Qh6 20. Qxh6+ Kxh6
21. a3 Bc5 22. Bxc6 bxc6 23. Be3 Bxe3 24. fxe3 c5 25. b4 cxb4 26. axb4 a4 27.
Ra3 Be6 28. Rfa1 Bxc4 29. Rxa4 Rb8 30. Ra8 Rb6 31. Rc8 c6 32. h3 Bd5 33. Rd8
Rxb4 34. Rxd6+ Kh5 35. Rxd5 cxd5 36. Ra5 Rb3 37. Rxd5 Rxe3 38. Rxf5+ Kh6 39.
Kf2 Ra3 40. Re5 Kg6 41. Re3 Ra4 42. Kf3 Ra1 43. Kg4 Kf6 44. Rb3 1-0

[Event "Absoluto Sevilla 2018"]
[Site "?"]
[Date "2018.02.03"]
[Round "2.8"]
[White "Lopez Rodriguez, Fernando"]
[Black "Tadevosyan, Aspet"]
[Result "0-1"]
[WhiteElo "2103"]
[BlackElo "1915"]
[PlyCount "35"]

1. d4 Nf6 2. Nf3 d5 3. Bf4 c5 4. e3 Nc6 5. c3 Qb6 6. b3 cxd4 7. exd4 Bg4 8. Be2
e6 9. O-O Be7 10. Nbd2 a5 11. h3 Bh5 12. Ne5 Bxe2 13. Qxe2 O-O 14. Ndf3 Rfc8
15. Nxf7 Na7 16. N7g5 Rxc3 17. Nxe6 Re8 18. Rfe1 0-1

[Event "Absoluto Sevilla 2018"]
[Site "?"]
[Date "2018.02.03"]
[Round "2.9"]
[White "Carrabeo Garcia, Manuel"]
[Black "Montiel Dominguez, Jose Luis"]
[Result "1-0"]
[WhiteElo "2072"]
[BlackElo "1896"]
[PlyCount "49"]

1. c4 Nf6 2. Nc3 g6 3. Nf3 Bg7 4. g3 c5 5. Bg2 O-O 6. O-O d6 7. d4 cxd4 8. Nxd4
Nbd7 9. b3 Qa5 10. Bb2 Qh5 11. e4 Ng4 12. h3 Ngf6 13. Qxh5 Nxh5 14. Nd5 e6 15.
Nc7 Rb8 16. Ncb5 Nc5 17. Nxd6 Rd8 18. Nxc8 Nd3 19. Bc3 Bxd4 20. Bxd4 Rxd4 21.
Nxa7 Nb4 22. a3 Nc2 23. Ra2 Ra8 24. Nb5 Nb4 25. axb4 1-0

[Event "Absoluto Sevilla 2018"]
[Site "?"]
[Date "2018.02.03"]
[Round "2.11"]
[White "Ramirez Sanchez, Samuel"]
[Black "Ferrer Freyre, David"]
[Result "0-1"]
[WhiteElo "1844"]
[BlackElo "2012"]
[PlyCount "110"]

1. d4 Nf6 2. Bf4 c5 3. e3 Qb6 4. Na3 cxd4 5. Qxd4 Qxd4 6. exd4 a6 7. Nc4 Nd5 8.
Bg3 Nc6 9. c3 d6 10. Bd3 Be6 11. Ne2 g6 12. Nf4 Nxf4 13. Bxf4 Bf5 14. Bxf5 gxf5
15. Nb6 Rd8 16. O-O-O Bg7 17. Rhe1 O-O 18. Bg5 f6 19. Bh4 Bh6+ 20. Kc2 Kf7 21.
Nd5 Rc8 22. Nb6 Rce8 23. Nd5 Rg8 24. g3 Bg5 25. Bxg5 fxg5 26. Nc7 Rc8 27. Ne6
Rg6 28. d5 Nb4+ 29. Kb3 Nxd5 30. Rxd5 Rxe6 31. Rxf5+ Rf6 32. Rxf6+ Kxf6 33. Re4
d5 34. Rb4 Rc7 35. Ka4 e5 36. f3 Re7 37. Kb3 e4 38. fxe4 dxe4 39. Kc2 Kf5 40.
h3 Rd7 41. Rd4 Rf7 42. Rd5+ Kg6 43. Re5 Rf2+ 44. Kb3 Rf3 45. Rxe4 Rxg3 46. h4
g4 47. Re5 Kf6 48. Rh5 Re3 49. Rxh7 Re7 50. Rh5 Rg7 51. Rd5 g3 52. Rd1 Kf5 53.
h5 Kg4 54. h6 Rh7 55. Rd3 g2 0-1

[Event "Absoluto Sevilla 2018"]
[Site "?"]
[Date "2018.02.03"]
[Round "2.12"]
[White "Montero Campuzano, Rafael"]
[Black "Gentes Benito, Angel"]
[Result "1/2-1/2"]
[WhiteElo "2003"]
[BlackElo "1873"]
[PlyCount "69"]

1. e4 c5 2. Nf3 e6 3. d4 cxd4 4. Nxd4 a6 5. c4 Nf6 6. Nc3 Bb4 7. Qd3 Qc7 8. Nc2
Bd6 9. g3 b6 10. Bg2 Bb7 11. f4 O-O 12. O-O Bc5+ 13. Kh1 Rc8 14. Be3 Be7 15. e5
Bxg2+ 16. Kxg2 Ne8 17. Nd4 Qxc4 18. Qxc4 Rxc4 19. Rac1 Bc5 20. Ne4 d5 21. Nxc5
Rxc5 22. f5 Nd7 23. fxe6 fxe6 24. Nxe6 Rxc1 25. Rxc1 Nxe5 26. Bxb6 Nc4 27. Bd4
g6 28. b3 Ncd6 29. Nc7 Rc8 30. Nxe8 Rxc1 31. Nxd6 Rc2+ 32. Kf3 Rxa2 33. Ne8 Kf7
34. Nc7 a5 35. Nxd5 1/2-1/2

[Event "Absoluto Sevilla 2018"]
[Site "?"]
[Date "2018.02.03"]
[Round "2.13"]
[White "Muñoz Mesa, Miguel Angel"]
[Black "Vicente Garrote, Jose Maria"]
[Result "0-1"]
[WhiteElo "1833"]
[BlackElo "2001"]
[PlyCount "42"]

1. d4 d5 2. Nf3 e6 3. g3 Nf6 4. Bg2 Nbd7 5. Nbd2 Bd6 6. O-O O-O 7. c4 c6 8. b3
e5 9. dxe5 Nxe5 10. Bb2 Nxf3+ 11. Bxf3 Bh3 12. Re1 Bc5 13. cxd5 cxd5 14. e3 Re8
15. Bxf6 Qxf6 16. Bxd5 Rad8 17. Qh5 Bf5 18. Ne4 Rxe4 19. Bxe4 Bxe4 20. Qxc5 Qf3
21. Kf1 Qg2+ 0-1

[Event "Absoluto Sevilla 2018"]
[Site "?"]
[Date "2018.02.03"]
[Round "2.14"]
[White "Sanchez del Prado, Manuel"]
[Black "Cruz Rodriguez, Israel"]
[Result "1-0"]
[WhiteElo "1998"]
[BlackElo "1814"]
[PlyCount "49"]

1. c4 d5 2. cxd5 Qxd5 3. Nc3 Qa5 4. d4 Nf6 5. h3 Bf5 6. Nf3 e6 7. Bd2 c6 8. e4
Bg6 9. d5 Qb6 10. dxe6 fxe6 11. Bc4 Nxe4 12. Nxe4 Bxe4 13. Bxe6 Qxb2 14. O-O
Be7 15. Re1 Qc2 16. Qe2 Qd3 17. Qxe4 Qxe4 18. Rxe4 Na6 19. Rae1 Nc5 20. Bf7+
Kxf7 21. Rxe7+ Kg6 22. Nh4+ Kh5 23. R1e5+ Kxh4 24. Rxc5 Rae8 25. Kh2 1-0

[Event "Absoluto Sevilla 2018"]
[Site "?"]
[Date "2018.02.03"]
[Round "2.15"]
[White "Cadenas Falcon, Jose Antonio"]
[Black "Rios Gallardo, Guillermo"]
[Result "0-1"]
[WhiteElo "1822"]
[BlackElo "1987"]
[PlyCount "60"]

1. e4 e6 2. d4 d5 3. Nd2 c5 4. c3 Nc6 5. Ngf3 cxd4 6. cxd4 Qb6 7. exd5 exd5 8.
Nb3 Nf6 9. Be2 Bd6 10. O-O O-O 11. Bg5 Ne4 12. Be3 a5 13. a4 Bg4 14. Rc1 f5 15.
h3 Bh5 16. Nc5 f4 17. Nd7 Qd8 18. Nxf8 fxe3 19. Ne6 exf2+ 20. Rxf2 Qf6 21. Nc5
Nxf2 22. Kxf2 Qf4 23. Nxb7 Bxf3 24. Bxf3 Re8 25. Nxd6 Qxd6 26. Rc5 Nb4 27. Rxa5
Qf4 28. Kf1 Qe3 29. Bxd5+ Nxd5 30. Rxd5 Rf8+ 0-1

[Event "Absoluto Sevilla 2018"]
[Site "?"]
[Date "2018.02.03"]
[Round "2.16"]
[White "Millan Navarro, Jesus"]
[Black "Gaitan Ramirez, Alfonso"]
[Result "0-1"]
[WhiteElo "1707"]
[BlackElo "1971"]
[PlyCount "82"]

1. e4 c5 2. Nf3 Nc6 3. d4 cxd4 4. Nxd4 g6 5. c4 Bg7 6. Be3 Nf6 7. Nc3 d6 8. Be2
O-O 9. O-O Bd7 10. Qd2 Nxd4 11. Bxd4 Bc6 12. f3 a5 13. Nd5 e6 14. Bb6 Qd7 15.
Nxf6+ Bxf6 16. Bxa5 Bxb2 17. Rad1 Ba4 18. Rb1 Ba3 19. Bc3 Bc5+ 20. Kh1 e5 21.
f4 Bc6 22. f5 f6 23. fxg6 hxg6 24. Bf3 Qh7 25. Bb4 Bd4 26. Rb3 Qh4 27. Qe2 Bc5
28. Be1 Qh7 29. Bg4 Qe7 30. Rh3 Ra3 31. Rh6 Kg7 32. Rxg6+ Kxg6 33. Bf5+ Kg7 34.
Qg4+ Kh8 35. Qh4+ Kg8 36. Qg4+ Qg7 37. Be6+ Rf7 38. Qh4 Rxa2 39. Bg3 Kf8 40.
Rf5 Qh7 41. Rh5 Ra1+ 0-1

[Event "Absoluto Sevilla 2018"]
[Site "?"]
[Date "2018.02.03"]
[Round "2.17"]
[White "Muñoz Garcia, Jesus"]
[Black "Gutierrez Marconi, Christian Fernando"]
[Result "1-0"]
[WhiteElo "1962"]
[BlackElo "1796"]
[PlyCount "67"]

1. e4 e6 2. d4 d5 3. Nd2 a6 4. Ngf3 c5 5. exd5 cxd4 6. dxe6 Bxe6 7. Nb3 Bb4+ 8.
Bd2 Bxd2+ 9. Qxd2 Bxb3 10. axb3 Qe7+ 11. Be2 Nc6 12. O-O Nf6 13. Bb5 O-O 14.
Bxc6 bxc6 15. Qxd4 Rfd8 16. Qc4 Qe4 17. Ra4 Qd5 18. h3 h6 19. Rfa1 Qf5 20. Nd4
Qh5 21. c3 c5 22. Nf3 Rd6 23. Ra5 Rad8 24. Rxa6 Rd1+ 25. Rxd1 Rxd1+ 26. Kh2 Qf5
27. Ra7 Ne4 28. Qe2 Nxf2 29. Qxf2 Qf4+ 30. g3 Qc1 31. Kg2 g5 32. Re7 g4 33.
hxg4 Rd3 34. Re2 1-0